Dual classification reconsidered : nyamwezi sacred kingship and other examples

Αποθηκεύτηκε σε:
Λεπτομέρειες βιβλιογραφικής εγγραφής
Κύριος συγγραφέας: Tcherkezoff, Serge
Άλλοι συγγραφείς: Thom, Martin (Μεταφραστής)
Μορφή: Βιβλίο
Γλώσσα:English
French
Δημοσίευση: Cambridge ; Paris : Cambridge University Press; Maison des Sciences de l'Homme, 1987.
Θέματα:
Ετικέτες: Προσθήκη ετικέτας
Δεν υπάρχουν, Καταχωρήστε ετικέτα πρώτοι!

MARC

LEADER 00000cam a2200000 i 4500
001 1/63694
008 930927s1987 enk| ||| |||| ||eng||
020 |a 052130895- 
035 |a ΛΕΣΒΟΣb10001254  |l 10001254 
040 |a GR-MyUA  |b gre  |e AACR2 
041 1 |a eng  |h fre 
082 0 |a 306.012 
100 1 |a Tcherkezoff, Serge. 
245 1 0 |a Dual classification reconsidered :   |b nyamwezi sacred kingship and other examples /   |c Serge Tcherkézoff ; translated by Martin Thom.  
260 |a Cambridge ; Paris :   |b Cambridge University Press; Maison des Sciences de l'Homme,   |c 1987.  
300 |a 131 σ.  
500 |a Τίτλος πρωτοτύπου: Le roi nyamwezi, la droite et la gauche.  
504 |a Βιβλιογραφία: σ. 151-154. Ευρετήριο.  
650 0 0 |a Nyamwezi (African people) 
650 0 0 |a Left and right (Symbolism) 
650 0 0 |a Folk classification. 
650 0 0 |a Duality (Logic) 
700 1 |a Thom, Martin,  |e trl 
852 |a INST  |b LESVOS  |e 19930927  |h 306.012 TCH  |p 005100010512  |q 005100010512  |t BK  |y 0 
909 |a Λ  |b 017038